01416nam a22003257a 450000500170000001000130001702000260003003500130005603700190006908200060008810000220009424502000011626000370031627000370035330000300039049000210042050000730044152002500051460000410076465000280080565000310083365000440086465000190090865000220092765000400094970000270098970000270101670000300104370000170107320180223121950.0 aB-663898 a9780545393515c550.00 aB-663898 adplbPANSY/Ven00aS1 aStilton, Geronimo14aThe Dragon Prophecy :bthe fourth adventure in the Kingdom of Fantasy /cby Geronimo Stilton ; [illustrations by Danilo Barozzi, Silvia Bigolin, and Giuseppe Giundani ; translated by Julia Heim]. aNew YorkbScholastic Inc.,c2015 a557 BroadwaybNew YorkeNY 10012 a310p.:bcol.illc20cm(Hb)0 aGeronimo Stilton a"Original title Quarto Viaggo nel Regno della Fantasia"--T.p. verso. aPrincess Sterling sends the Dragon of the Rainbow and Scribblehopper to bring Geronimo Stilton back the the Kingdom of Fantasy, because he is the hero in the dragon prophecy who will find the stolen dragon egg and restore harmony to the kingdom.10aStilton, GeronimovJuvenile fiction. 0aMicevJuvenile fiction. 0aDragonsvJuvenile fiction. 0aQuests (Expeditions)vJuvenile fiction. 1aMicevFiction. 1aDragonsvFiction. 1aAdventure and adventurersvFiction.1 aBarozzi, Danilo,eill.1 aBigolin, Silvia,eill.1 aGiundani, Giuseppe,eill.1 aHeim, Julia.